000 00515nam a22002177a 4500
003 UA-OsUOA
001 77406
007 ta
008 20110913b un ||||| |||| 00| 0 ukr d
100 _aШпіцер В.
090 _a94(477)
_bШ83
942 _cSA
040 _aUA-OsUOA
_bukr
_cUA-OsUOA
_dUA-OsUOA
245 _aКолаборанти
300 _aС.6
955 _a0
041 _aukr
080 _a94(477)
773 0 _w77405
650 7 _a9 Географія. Біографії. Історія
_2UDC
999 _c363710
_d363710